Diseño de las operaciones para el nuevo almacén de productos fríos y acopio de frutas y verduras en el centro de distribución de Auto Mercado
Salvato in:
| Autore principale: | |
|---|---|
| Natura: | Libro |
| Pubblicazione: |
[San José, Costa Rica]
2011
|
| Soggetti: | |
| Tags: |
Aggiungi Tag
Nessun Tag, puoi essere il primo ad aggiungerne!!
|
MARC
| LEADER | 00000nam a2200000Ia 4500 | ||
|---|---|---|---|
| 003 | 010255 | ||
| 005 | 20221231144030.0 | ||
| 008 | 140114s2011 cr a 000 ||s d | ||
| 040 | |c cru CEDI | ||
| 090 | |a TFG 6308 | ||
| 100 | |a Morales Villegas, Mariel |9 2704 | ||
| 245 | |a Diseño de las operaciones para el nuevo almacén de productos fríos y acopio de frutas y verduras en el centro de distribución de Auto Mercado | ||
| 260 | |c 2011 |b [San José, Costa Rica] | ||
| 500 | |a Proyecto de graduación (licenciatura en ingeniería industrial)--Universidad de Costa Rica. Facultad de Ingeniería. Escuela de Ingeniería Industrial Contenido: v.1 Desarrollo--v.2 Apéndices | ||
| 648 | |x CORPORACION DE SERVICIOS AUTO MERCADO (COSTA RICA) |x DISTRIBUCION FISICA DE ALIMENTOS |x ADMINISTRACION |x CANALES DE DISTRIBUCION |x PROVEEDORES |x PROCESAMIENTO DE DATOS |x ABASTECIMIENTO |x PLANIFICACION ESTRATEGICA |x SIMPLIFICACION DE PROCESOS INDUSTRIALES |9 2705 | ||
| 650 | |z CONTROL DE CALIDAD |9 2706 | ||
| 942 | |c TFG | ||
| 999 | |c 15896 |d 15896 | ||
